000 00417nam a2200157 i 4500
001 149210
003 ES-MaACL
005 20230906203011.0
007 t|
008 071019s1973 sp ||||1| spa d
100 1 _aVelasco, Salvador.
_9113740
245 1 0 _aDios da un hombre /
_cSalvador Velasco.
260 _aGuadalajara :
_bOpe,
_c[1973]
300 _a312 p. ;
_c19 cm.
852 _aES-MaACL
_jC-53672
_bR.86316
999 _c149210
_d149210